| 000 | 00864nam a2200265 a 4500 | ||
|---|---|---|---|
| 001 | BRCA_1227 | ||
| 005 | 20190320203333.0 | ||
| 008 | 040329s2003 mx-a---##b---#000-0#spa-# | ||
| 020 | _a9688595144 | ||
| 040 |
_aDLC _cDLC |
||
| 050 | 4 |
_aN7914 _b.M35 2003 |
|
| 245 | 1 | 0 | _aAd Maiorem dei Gloriam. |
| 260 |
_aMéxico _bUniversidad Iberoamericana _c2003 |
||
| 300 |
_a271 p. _bil. (algunas a color), mapas _c33 cm. |
||
| 500 | _aCompañía de Jesús, Promotora del Arte | ||
| 504 | _aBibliografía: p. 269-270 | ||
| 650 | 1 | 4 |
_aArte jesuita _zMéxico _94022 |
| 650 | 1 | 4 |
_aArquitectura jesuita _zMéxico _94023 |
| 650 | 1 | 4 |
_aArte cristiano y simbolismo _yPeríodo moderno, 1500-. _zMéxico _94024 |
| 650 | 1 | 4 |
_aArte colonial _zMéxico _94025 |
| 653 | 0 | _aOrdenes religiosas | |
| 710 | 2 |
_aJesuitas _94026 |
|
| 710 | 2 |
_aUniversidad Iberoamericana _92963 |
|
| 942 |
_2lcc _cB |
||
| 999 |
_c1097 _d1097 |
||